[Event "36th Reykjavik op"]
[Site "Reykjavik ISL"]
[Date "2023.03.29"]
[Round "1.78"]
[White "Domalchuk-Jonasson, Aleksandr"]
[Black "Brunier, Jules"]
[WhiteElo "2318"]
[BlackElo "2015"]
[Result "0-1"]
[EventDate "2023.03.29"]
[PlyCount "42"]

1. d4 d5 2. c4 c6 3. Nf3 Nf6 4. g3 e6 5. Bg2 Bd6 6. O-O Ne4 7. Qc2 O-O 8. Nbd2 f5
9. Ne5 Nd7 10. Nd3 Qf6 11. Nf3 Kh8 12. b3 a5 13. a4 b6 14. Bb2 Bb7 15. c5 Bc7 16.
cxb6 Bxb6 17. Nfe5 Rfd8 18. Nxd7 Rxd7 19. e3 Re8 (19... Rc8 20. f3 Ng5 21. Nc5 Rdc7
22. e4 Qg6 23. e5 Bxc5 24. Qxc5 Ba6 25. Rf2 f4 26. Qxa5 Bd3 27. g4 c5 28. h4 Nf7
29. Qd2 c4 30. bxc4 dxc4 31. Bc3 h5 32. Qxf4 Nh6 33. gxh5 Qxh5 34. Qg5 Qf7 35. a5
Nf5 36. Rb2 Rd7 37. a6 Rxd4 38. a7 Rdd8 39. Qxd8+ Rxd8 40. Rb8 Qxa7+ 41. Rxa7 Rxb8
42. h5 Rb3 43. Be1 c3 44. Rc7 c2 45. Bd2 Nd4 46. Kf2 Bf5 47. Rc8+ Kh7 48. Rc7 Rb2
49. Bc1 Rb1 50. Be3 Nb3 51. h6 c1=Q 52. Rxg7+ Kh8 53. Bxc1 Nxc1 54. Bf1 Nd3+ 55.
Bxd3 Bxd3 56. Re7 Bf5 57. Kg2 Rb5 58. f4 Rb3 59. Rf7 Rc3 60. Ra7 Rh3 61. Rc7 Rxh6
62. Ra7 Rh7 63. Ra8+ Kg7 64. Kg3 Rh3+ 65. Kg2 Be4+ 66. Kxh3 Bxa8 67. Kg4 Be4 68.
Kg5 Bf5 69. Kh5 Kf7 70. Kg5 Ke7 71. Kh4 Kd7 72. Kg3 Kc6 73. Kf3 Kc5 74. Ke3 Kc4 75.
Ke2 Kd4 76. Kf3 Kd3 77. Kf2 Ke4 78. Kg3 Ke3 79. Kh4 Kxf4) 20. f3 Ng5 21. Nc5 Rc7
 0-1

[Event "36th Reykjavik op"]
[Site "Reykjavik ISL"]
[Date "2023.03.29"]
[Round "1.79"]
[White "Gkogkas, Dimitrios"]
[Black "Tamas, Gunes Ongut"]
[WhiteElo "2015"]
[BlackElo "2317"]
[Result "0-1"]
[EventDate "2023.03.29"]
[PlyCount "118"]

1. d4 g6 2. Nf3 Bg7 3. e4 d6 4. Nc3 a6 5. a4 Nc6 6. Be3 Nf6 7. h3 O-O 8. Bc4 Nd7
9. O-O e5 10. Re1 Nb6 11. Bf1 exd4 12. Nxd4 Ne5 13. b3 c5 14. Nde2 Be6 15. a5 Nc8
16. Qd2 Nc6 17. Red1 Nxa5 18. Bxc5 Bxb3 19. Bd4 Be6 20. Bxg7 Kxg7 21. Nf4 Nc6 22.
Nb5 Ne5 23. Qc3 Rb8 24. Nc7 Bd7 25. Nfd5 f6 26. f4 Nc6 27. Bxa6 bxa6 28. Qxc6 Bxc6
29. Ne6+ Kg8 30. Nxd8 Bxd5 31. Rxd5 Rxd8 32. Rxa6 Nb6 33. Rd4 d5 34. exd5 Nxd5 35.
c4 Ne3 36. Rxd8+ Rxd8 37. Rxf6 Rd2 38. g4 Nxc4 39. f5 g5 40. Re6 Kg7 41. Re7+ Kg8
42. Re8+ Kf7 43. Rh8 Kg7 44. Re8 Nd6 45. Re7+ Nf7 46. Re6 Kf8 47. Kh1 Nd8 48. Ra6
Nb7 49. Rf6+ Kg7 50. Rc6 Nd6 51. Rc7+ Kf6 52. Rxh7 Ne4 53. Ra7 Ke5 54. Ra3 Kf4 55.
Rb3 Nf2+ 56. Kg1 Nd3 57. f6 Ne5 58. Rb4+ Kg3 59. Kf1 Nf3  0-1

[Event "36th Reykjavik op"]
[Site "Reykjavik ISL"]
[Date "2023.03.29"]
[Round "1.80"]
[White "Pourkashiyan, Atousa"]
[Black "Koh, Ming Yao Gavin"]
[WhiteElo "2313"]
[BlackElo "2012"]
[Result "1-0"]
[EventDate "2023.03.29"]
[PlyCount "201"]

1. e4 c5 2. Nf3 d6 3. d4 cxd4 4. Nxd4 Nf6 5. Nc3 a6 6. Bc4 e6 7. O-O b5 8. Bd3 Be7
9. a4 b4 10. Nce2 e5 11. Nf3 Nc6 12. Bg5 Be6 13. c4 O-O 14. Nc1 Nd7 15. Be3 Nc5 16.
h3 Kh8 17. Ne2 Nxd3 18. Qxd3 Na5 19. Nd2 Rc8 20. b3 f5 21. exf5 Bxf5 22. Qd5 Bc2
23. Rfc1 Bg6 24. Ng3 Bf7 25. Qd3 d5 26. cxd5 Qxd5 27. Qxa6 Rxc1+ 28. Rxc1 Nxb3 29.
Nxb3 Qxb3 30. Qb7 Bd6 31. Nf5 Qe6 32. Nxd6 Qxd6 33. Bc5 Qd2 34. Rf1 Bd5 35. Qe7 Rg8
36. Bxb4 Qd4 37. Re1 e4 38. a5 Qc4 39. Re3 Qc1+ 40. Kh2 Qb2 41. Be1 Qb7 42. Qxb7
Bxb7 43. Rb3 Bd5 44. Rc3 h6 45. Rc7 Rf8 46. Kg3 Rf6 47. Bc3 Rg6+ 48. Kf4 Rxg2 49.
a6 Kg8 50. a7 Rxf2+ 51. Ke5 Ba8 52. Bb4 Kh7 53. Rc8 Bb7 54. Rc7 Ba8 55. Rc8 Bb7 56.
a8=Q Bxa8 57. Rxa8 Rf3 58. Ra3 e3 59. h4 Kg6 60. Ke4 Rh3 61. Be1 Kh5 62. Ra5+ g5
63. hxg5 hxg5 64. Kd3 Kg4 65. Ke2 Kf4 66. Ra4+ Kf5 67. Ba5 g4 68. Bc7 Rf3 69. Ra8
Kg5 70. Rg8+ Kf5 71. Ra8 Kg5 72. Bb6 Kf4 73. Ra4+ Kg3 74. Bxe3 Rf5 75. Bb6 Rf3 76.
Bc7+ Kh3 77. Bb6 Kg3 78. Be3 Rf5 79. Ra1 Kh2 80. Ra8 g3 81. Rh8+ Kg2 82. Rg8 Re5
83. Kd3 Rf5 84. Ke4 Rf3 85. Rg7 Rf1 86. Bf4 Rf3 87. Be5 Kf2 88. Bd4+ Kg2 89. Be3
Rf1 90. Bf4 Rf3 91. Rg6 Kf2 92. Ra6 Rb3 93. Ra2+ Kf1 94. Be3 Rb8 95. Kf3 Rf8+ 96.
Kxg3 Rf7 97. Bf4 Ke1 98. Kf3 Kd1 99. Rd2+ Ke1 100. Rd8 Rf6 101. Rc8  1-0

[Event "36th Reykjavik op"]
[Site "Reykjavik ISL"]
[Date "2023.03.29"]
[Round "1.81"]
[White "Verweij, Kees"]
[Black "Doluhanova, Evgeniya"]
[WhiteElo "2010"]
[BlackElo "2311"]
[Result "0-1"]
[EventDate "2023.03.29"]
[PlyCount "64"]

1. d4 Nf6 2. Nf3 e6 3. g3 b6 4. Bg2 Bb7 5. O-O Be7 6. c4 O-O 7. Nc3 Ne4 8. Qc2 Nxc3
9. Qxc3 Be4 10. b3 d5 11. Bb2 Nd7 12. Rad1 a5 13. Nd2 Bxg2 14. Kxg2 Bf6 15. cxd5
exd5 16. Qc6 Re8 17. Qxd5 Rxe2 18. Rfe1 Rxe1 19. Rxe1 Nf8 20. Qe4 h6 21. Nc4 a4 22.
b4 Ne6 23. Ne5 Bxe5 24. dxe5 c5 25. Bc3 Ng5 26. Qe2 Qd5+ 27. f3 cxb4 28. Bxb4 Rc8
29. Rf1 Qe6 30. Ba3 Qh3+ 31. Kg1 Qf5 32. g4 Qc2  0-1

[Event "36th Reykjavik op"]
[Site "Reykjavik ISL"]
[Date "2023.03.29"]
[Round "1.82"]
[White "Sigurbjorn, Bjornsson"]
[Black "Alashtar, Aasef"]
[WhiteElo "2310"]
[BlackElo "2007"]
[Result "1-0"]
[EventDate "2023.03.29"]
[PlyCount "107"]

1. e4 c6 2. d4 d5 3. e5 c5 4. dxc5 e6 5. a3 Bxc5 6. b4 Bb6 7. Nf3 Qc7 8. Bb2 a5 9.
b5 Ne7 10. Bd3 Nd7 11. O-O Ng6 12. Re1 Bc5 13. Nbd2 Nf4 14. Nb3 b6 15. Bf1 Bb7 16.
Nbd4 Ng6 17. Ng5 Bxd4 18. Bxd4 Nc5 19. Qf3 Qe7 20. Qg3 h6 21. Nh3 O-O-O 22. Rab1
Kb8 23. Nf4 Nxf4 24. Qxf4 Rc8 25. Re3 Rc7 26. h4 g5 27. Qf6 Qxf6 28. exf6 Nd7 29.
hxg5 hxg5 30. Bd3 Rh4 31. c3 e5 32. Rxe5 Nxe5 33. Bxe5 Bc8 34. Re1 Be6 35. Bg6 Rhc4
36. Re3 Kb7 37. Bxc7 Rxc7 38. Bh5 Kc8 39. Rxe6 fxe6 40. f7 Rxf7 41. Bxf7 Kd7 42.
Kf1 Kd6 43. Ke2 e5 44. Kd3 Kc5 45. a4 e4+ 46. Kc2 Kc4 47. g3 Kc5 48. Bh5 Kc4 49.
Be2+ Kc5 50. Kd2 d4 51. cxd4+ Kxd4 52. Bd1 Ke5 53. Ke3 Kd5 54. Bc2  1-0

[Event "36th Reykjavik op"]
[Site "Reykjavik ISL"]
[Date "2023.03.29"]
[Round "1.83"]
[White "Mensing, Adrian"]
[Black "Olson, Hamish"]
[WhiteElo "2005"]
[BlackElo "2309"]
[Result "0-1"]
[EventDate "2023.03.29"]
[PlyCount "80"]

1. d4 d5 2. c4 e6 3. Nf3 Nf6 4. g3 Bb4+ 5. Nbd2 O-O 6. Bg2 a5 7. a3 Be7 8. O-O b6
9. Qc2 Bb7 10. Ne5 c5 11. e3 cxd4 12. exd4 Qc8 13. b3 dxc4 14. bxc4 Bxg2 15. Kxg2
Nc6 16. Ndf3 Nxe5 17. dxe5 Nd7 18. Qe4 Nc5 19. Qg4 f5 20. exf6 Bxf6 21. Rb1 Qc6 22.
Kg1 Bc3 23. Nh4 a4 24. Bg5 Nb3 25. Rbd1 Ra7 26. Rd3 Bb2 27. Re1 Nc5 28. Rde3 Raf7
29. R1e2 Bc1 30. Re5 Qd7 31. Ra2 Nd3 32. Ree2 Bxg5 33. Qxg5 Qd4 34. Qe3 Qxc4 35.
Rac2 Qb3 36. Qxe6 Nxf2 37. Qxb3 axb3 38. Rb2 Nd3 39. Kg2 Nxb2 40. Rxb2 Rf2+  0-1

[Event "36th Reykjavik op"]
[Site "Reykjavik ISL"]
[Date "2023.03.29"]
[Round "1.84"]
[White "Karthik, Rajaa"]
[Black "Mehlhorn, David"]
[WhiteElo "2302"]
[BlackElo "2004"]
[Result "1-0"]
[EventDate "2023.03.29"]
[PlyCount "53"]

1. d4 d5 2. Nf3 Nf6 3. c3 e6 4. Bf4 Bd6 5. e3 O-O 6. Nbd2 c5 7. Bg3 Qc7 8. dxc5 Bxg3
9. hxg3 Qxc5 10. Bd3 Nbd7 11. g4 e5 12. g5 e4 13. gxf6 Nxf6 14. Bc2 exf3 15. Qxf3
Qb6 16. O-O-O h6 17. Rh4 Rd8 18. g4 Qe6 19. Rg1 d4 20. cxd4 Qxa2 21. g5 hxg5 22.
Rxg5 Qa1+ 23. Bb1 Ne8 24. Rh8+ Kxh8 25. Qxf7 Bf5 26. Rh5+ Bh7 27. Rxh7#  1-0

[Event "36th Reykjavik op"]
[Site "Reykjavik ISL"]
[Date "2023.03.29"]
[Round "1.85"]
[White "Papp, Sarah"]
[Black "Langlois-Remillard, Alexis"]
[WhiteElo "2288"]
[BlackElo "2001"]
[Result "1-0"]
[EventDate "2023.03.29"]
[PlyCount "71"]

1. d4 g6 2. e4 Bg7 3. Nc3 d6 4. Be3 a6 5. h4 h6 6. h5 g5 7. Nge2 b5 8. Ng3 e6 9.
Qd2 Ne7 10. f4 gxf4 11. Bxf4 Nd7 12. O-O-O Bb7 13. e5 d5 14. Qe3 Rc8 15. Rh3 c5 16.
dxc5 Nxc5 17. Nce4 Nxe4 18. Nxe4 Nf5 19. Qe1 Qb6 20. Nf6+ Bxf6 21. exf6 d4 22. Bd3
Ne3 23. Bxe3 dxe3 24. Rxe3 Rc5 25. Qg3 Bd5 26. Kb1 Qc7 27. Qg7 Rf8 28. Qxh6 Rg8 29.
Re2 Qg3 30. Qd2 Qh4 31. Be4 Rg5 32. b4 Rc4 33. Bxd5 Rxd5 34. Qxd5 Rxb4+ 35. Ka1 Qxf6+
36. Qe5  1-0

[Event "36th Reykjavik op"]
[Site "Reykjavik ISL"]
[Date "2023.03.29"]
[Round "1.86"]
[White "Kalla, Christian"]
[Black "Salles, Louis"]
[WhiteElo "1994"]
[BlackElo "2287"]
[Result "0-1"]
[EventDate "2023.03.29"]
[PlyCount "70"]

1. e4 c5 2. c3 d5 3. exd5 Qxd5 4. d4 Nc6 5. Nf3 Bg4 6. Be2 cxd4 7. cxd4 e6 8. Nc3
Qa5 9. O-O Nf6 10. Be3 Bd6 11. h3 Bh5 12. a3 O-O 13. b4 Qd8 14. Qb3 Ne7 15. Bg5 Nfd5
16. Nxd5 exd5 17. g4 Bg6 18. Ne5 f6 19. Nxg6 hxg6 20. Bh4 g5 21. Bg3 Qb6 22. Rad1
Rad8 23. Kg2 Rfe8 24. Bd3 Bxg3 25. Kxg3 Nc6 26. Bg6 Nxd4 27. Qb2 Ne2+ 28. Kf3 Re5
29. Rfe1 Nf4 30. Rxe5 fxe5 31. Bb1 e4+ 32. Kg3 Qh6 33. Rh1 Qh4+ 34. Kh2 Qxh3+ 35.
Kg1 Qg2#  0-1

[Event "36th Reykjavik op"]
[Site "Reykjavik ISL"]
[Date "2023.03.29"]
[Round "1.87"]
[White "Jacobsen, Mikkel Manosri"]
[Black "George Samir, David"]
[WhiteElo "2283"]
[BlackElo "1993"]
[Result "1-0"]
[EventDate "2023.03.29"]
[PlyCount "97"]

1. d4 Nf6 2. c4 e6 3. Nf3 d5 4. e3 c5 5. Nc3 Nc6 6. cxd5 exd5 7. Be2 Be6 8. O-O Be7
9. b3 O-O 10. Bb2 Ne4 11. Rc1 Bf6 12. Nxe4 dxe4 13. Nd2 cxd4 14. Nxe4 Be5 15. f4
Bc7 16. exd4 Bd5 17. Nc3 Bb6 18. Nxd5 Qxd5 19. Bf3 Qd6 20. Bxc6 bxc6 21. Rc4 Rad8
22. Qc1 Rfe8 23. Rxc6 Bxd4+ 24. Kh1 Bxb2 25. Rxd6 Bxc1 26. Rxd8 Rxd8 27. Rxc1 g6
28. Kg1 Rd2 29. a4 Rb2 30. Rc8+ Kg7 31. Rb8 a5 32. g4 h6 33. Rb5 Kf6 34. h4 Ke6 35.
h5 Kf6 36. g5+ Kg7 37. hxg6 hxg5 38. fxg5 Kxg6 39. Kf1 Rb1+ 40. Ke2 Rb2+ 41. Kd3
Rh2 42. Rxa5 Rh3+ 43. Kc2 Rh2+ 44. Kc3 Rh3+ 45. Kb2 Rh2+ 46. Ka3 Rh3 47. Rc5 Rh2
48. a5 Rh1 49. Kb4  1-0

[Event "36th Reykjavik op"]
[Site "Reykjavik ISL"]
[Date "2023.03.29"]
[Round "1.88"]
[White "Daemering, Katrin"]
[Black "Dishman, Stephen"]
[WhiteElo "1991"]
[BlackElo "2274"]
[Result "0-1"]
[EventDate "2023.03.29"]
[PlyCount "120"]

1. e4 c5 2. Nf3 g6 3. d4 cxd4 4. Qxd4 Nf6 5. e5 Nc6 6. Qa4 Nd5 7. c4 Nc7 8. Bf4 Bg7
9. Nc3 O-O 10. Be2 Ne6 11. Bg3 Ncd4 12. Nxd4 Nxd4 13. Qd1 Nf5 14. Bf4 d6 15. exd6
e5 16. Be3 Nxe3 17. fxe3 Be6 18. O-O Qb6 19. Qd3 Rad8 20. Rad1 Qxb2 21. Rd2 Qa3 22.
Rb1 b6 23. Rb3 Qc5 24. Ne4 Qc8 25. Ng5 Bf5 26. Qd5 h6 27. Nf3 Be6 28. Qd3 Qc6 29.
e4 Rd7 30. Rb5 Rfd8 31. Nxe5 Bxe5 32. Rxe5 Rxd6 33. Rd5 Bxd5 34. cxd5 Qc5+ 35. Kh1
Re8 36. h3 Qc1+ 37. Rd1 Qb2 38. a4 Qb4 39. Bf3 Qxa4 40. Qe3 Re5 41. Qf4 Qe8 42. Qxh6
Qe7 43. Rc1 Rd8 44. Qd2 Qg5 45. Qb2 Qf4 46. Rd1 Re7 47. Qa3 Qd6 48. Qb2 Rc8 49. Re1
Qe5 50. Qf2 Rec7 51. Bg4 Re8 52. Bf3 Kg7 53. Rd1 Rec8 54. d6 Rc1 55. d7 Rxd1+ 56.
Bxd1 Rd8 57. Qd2 Qxe4 58. Qc3+ f6 59. Qc7 Qe1+ 60. Kh2 Qe5+  0-1

[Event "36th Reykjavik op"]
[Site "Reykjavik ISL"]
[Date "2023.03.29"]
[Round "1.89"]
[White "Hausken, Andreas Skrede"]
[Black "Heurtebize, Olivier"]
[WhiteElo "1987"]
[BlackElo "2269"]
[Result "0-1"]
[EventDate "2023.03.29"]
[PlyCount "70"]

1. e4 c5 2. c3 Nf6 3. e5 Nd5 4. Nf3 e6 5. d4 cxd4 6. cxd4 b6 7. Bc4 Bb7 8. O-O d6
9. Qe2 Nd7 10. Rd1 Qc7 11. Bxd5 Bxd5 12. Nc3 Qc4 13. Qe3 dxe5 14. dxe5 Bb7 15. Rd4
Qc7 16. b4 a6 17. Bb2 Rd8 18. Ne4 Qc2 19. Bc3 Be7 20. Nd6+ Bxd6 21. Rxd6 O-O 22.
Rad1 Bd5 23. R1xd5 exd5 24. e6 fxe6 25. Qxe6+ Kh8 26. Bxg7+ Kxg7 27. Rxd7+ Rxd7 28.
Qxd7+ Rf7 29. Qg4+ Qg6 30. Qd4+ Qf6 31. Qg4+ Qg6 32. Qd4+ Kg8 33. h4 Rxf3 34. Qxd5+
Rf7 35. h5 Qf5  0-1

[Event "36th Reykjavik op"]
[Site "Reykjavik ISL"]
[Date "2023.03.29"]
[Round "1.90"]
[White "Rakhmangulova, Anastasiya"]
[Black "Alfaro Guillen, Jose Raul"]
[WhiteElo "2266"]
[BlackElo "1983"]
[Result "1-0"]
[EventDate "2023.03.29"]
[PlyCount "51"]

1. e4 c5 2. Nf3 d6 3. d4 cxd4 4. Nxd4 Nf6 5. Nc3 Nc6 6. Bc4 Qb6 7. Nb3 Ne5 8. Be2
g6 9. Be3 Qc7 10. Nb5 Qb8 11. Nc3 Bg7 12. f4 Nc6 13. g4 Nd7 14. Qd2 a6 15. h4 b5
16. h5 h6 17. hxg6 fxg6 18. O-O-O Nb6 19. g5 b4 20. Nd5 Na4 21. Nd4 Nxd4 22. Bxd4
e5 23. fxe5 h5 24. exd6 O-O 25. Ne7+ Kh7 26. Bxh5  1-0

[Event "36th Reykjavik op"]
[Site "Reykjavik ISL"]
[Date "2023.03.29"]
[Round "1.91"]
[White "Kukavica, Tony"]
[Black "Nilsen, Tobias Lang"]
[WhiteElo "1981"]
[BlackElo "2265"]
[Result "0-1"]
[EventDate "2023.03.29"]
[PlyCount "80"]

1. e4 e6 2. d4 d5 3. Nd2 h6 4. Ngf3 Nf6 5. e5 Nfd7 6. Bd3 c5 7. c3 Nc6 8. Qe2 Qb6
9. Qe3 a5 10. h4 a4 11. a3 Ndb8 12. h5 Na6 13. Rh4 Bd7 14. Nf1 Rc8 15. Ng3 cxd4 16.
cxd4 Na5 17. Ne2 Bb5 18. Nd2 Bxd3 19. Qxd3 Nc4 20. Rb1 Qa5 21. Kf1 b5 22. f4 b4 23.
f5 Qb5 24. fxe6 Nxd2+ 25. Qxd2 fxe6 26. Kg1 bxa3 27. Nf4 Be7 28. Rg4 Bg5 29. Rxg5
hxg5 30. Nxe6 Qd7 31. Nxg5 Qf5 32. Qf2 Qxf2+ 33. Kxf2 O-O+ 34. Ke3 Rxc1 35. Rxc1
axb2 36. Re1 a3 37. e6 a2 38. e7 Re8 39. h6 gxh6 40. Ne6 b1=Q  0-1

[Event "36th Reykjavik op"]
[Site "Reykjavik ISL"]
[Date "2023.03.29"]
[Round "1.92"]
[White "Sahithi, Varshini M"]
[Black "Thorsteinsdottir, Hallgerdur"]
[WhiteElo "2262"]
[BlackElo "1978"]
[Result "1-0"]
[EventDate "2023.03.29"]
[PlyCount "53"]

1. e4 c6 2. d4 d5 3. exd5 cxd5 4. c4 Nf6 5. Nc3 Nc6 6. Nf3 Bg4 7. Be3 e6 8. Qb3 Bxf3
9. gxf3 Qd7 10. c5 Be7 11. Bb5 O-O 12. Ne2 Ne8 13. f4 Nc7 14. Rc1 Nxb5 15. Qxb5 a5
16. a4 Qc7 17. O-O Rfb8 18. f5 e5 19. dxe5 Nxe5 20. Kg2 Bf6 21. Bf4 Re8 22. Rfd1
Rad8 23. Rxd5 Qc8 24. Rcd1 Qxf5 25. Rxd8 Qe4+ 26. Kf1 Qh1+ 27. Ng1  1-0

[Event "36th Reykjavik op"]
[Site "Reykjavik ISL"]
[Date "2023.03.29"]
[Round "1.93"]
[White "Johannsdottir, Johanna Bjoerg"]
[Black "Dauth, Benjamin"]
[WhiteElo "1974"]
[BlackElo "2261"]
[Result "1/2-1/2"]
[EventDate "2023.03.29"]
[PlyCount "136"]

1. e4 e5 2. Nf3 Nc6 3. Bc4 Bc5 4. d3 d6 5. h3 h6 6. a4 a5 7. Nbd2 Nge7 8. Nb3 Ba7
9. d4 exd4 10. Nbxd4 O-O 11. O-O Ng6 12. Nxc6 bxc6 13. Nd4 Ne5 14. Be2 Qf6 15. Kh1
Qh4 16. f4 Ng6 17. Ra3 Bd7 18. Nf3 Qf6 19. f5 Ne5 20. Nxe5 Qxe5 21. f6 g5 22. Bd3
Bc5 23. Qh5 Kh7 24. Rb3 Be6 25. c4 Rg8 26. h4 Rg6 27. hxg5 Rag8 28. Bf4 Rxg5 29.
Qh2 Bd4 30. Rf3 Bg4 31. Bc2 Rh5 32. Bxe5 Bxe5 33. Qxh5 Bxh5 34. Rf2 Bg4 35. Rb7 Rg5
36. Rxc7 Kg6 37. Kg1 Bd4 38. Rxc6 Bxf2+ 39. Kxf2 Kxf6 40. Rxd6+ Be6 41. Ra6 h5 42.
Bd3 h4 43. Rb6 Rg3 44. Be2 Ke5 45. Rb5+ Kxe4 46. Rxa5 Kd4 47. Rh5 Rb3 48. Rxh4+ Ke5
49. Rh5+ f5 50. Ke1 Rxb2 51. g4 Ke4 52. gxf5 Bxf5 53. Rh8 Ke3 54. Bd1 Rb1 55. Rh2
Bg4 56. Rd2 Rc1 57. c5 Bxd1 58. Rxd1 Rxc5 59. Ra1 Rh5 60. Ra3+ Kd4 61. a5 Rh1+ 62.
Kf2 Kc5 63. a6 Rh2+ 64. Kg3 Rh8 65. a7 Ra8 66. Kf4 Kb6 67. Ke5 Rxa7 68. Rxa7 Kxa7
 1/2-1/2

[Event "36th Reykjavik op"]
[Site "Reykjavik ISL"]
[Date "2023.03.29"]
[Round "1.94"]
[White "Lindh, Fredrik"]
[Black "Moeller, Jared William"]
[WhiteElo "2259"]
[BlackElo "1974"]
[Result "1-0"]
[EventDate "2023.03.29"]
[PlyCount "77"]

1. e4 c5 2. Nf3 d6 3. d4 cxd4 4. Nxd4 Nf6 5. Nc3 a6 6. Be3 e5 7. Nb3 Be7 8. f3 Be6
9. Qd2 h5 10. Nd5 Nxd5 11. exd5 Bf5 12. c4 Nd7 13. Na5 Qc7 14. Be2 Bh4+ 15. g3 Bf6
16. O-O b6 17. Nc6 Nb8 18. Nxb8 Rxb8 19. Rac1 a5 20. Bd3 Bh3 21. Rf2 O-O 22. b4 axb4
23. Qxb4 Rfe8 24. Rb1 Qd7 25. Qb5 Bd8 26. Qxd7 Bxd7 27. Rfb2 Ra8 28. Bxb6 Bxb6+ 29.
Rxb6 Rxa2 30. Rxd6 Bh3 31. Bf1 Bxf1 32. Rxf1 Rb8 33. Rf2 Ra1+ 34. Kg2 Rc1 35. Rc6
g5 36. Ra2 g4 37. fxg4 hxg4 38. d6 Rbb1 39. d7  1-0

[Event "36th Reykjavik op"]
[Site "Reykjavik ISL"]
[Date "2023.03.29"]
[Round "1.95"]
[White "Fuchs, Elmar"]
[Black "Cederstam, Carl"]
[WhiteElo "1973"]
[BlackElo "2255"]
[Result "1/2-1/2"]
[EventDate "2023.03.29"]
[PlyCount "236"]

1. d4 d5 2. Nc3 Nf6 3. Bf4 e6 4. e3 Bb4 5. Bd3 c5 6. dxc5 Nbd7 7. Nge2 a6 8. Bg3
Bxc5 9. O-O O-O 10. e4 d4 11. Nb1 Nh5 12. Nd2 e5 13. f4 exf4 14. Bxf4 Nxf4 15. Nxf4
Ne5 16. h3 Qg5 17. Qh5 Qxh5 18. Nxh5 b5 19. Kh1 Bd7 20. Ng3 Rfd8 21. Nf3 f6 22. Nh4
Rac8 23. Rac1 Bb4 24. a3 Bf8 25. Ne2 Be6 26. Nf5 Nc6 27. a4 bxa4 28. Bxa6 Rb8 29.
Ra1 Rb4 30. c3 Rxb2 31. Nexd4 Nxd4 32. Nxd4 Bd7 33. Bc4+ Kh8 34. Rfd1 Rdb8 35. Nf5
Be8 36. Nd6 Bxd6 37. Rxd6 Rb1+ 38. Rxb1 Rxb1+ 39. Kh2 Rb8 40. Ra6 h5 41. Bd5 Kh7
42. c4 Rb2 43. c5 Rc2 44. c6 Rc5 45. Rxa4 Bxc6 46. Bxc6 Rxc6 47. Kg3 g5 48. Kf3 Rc3+
49. Kf2 h4 50. Rb4 Kg6 51. Rb5 Kf7 52. Rb6 Ke7 53. Ke2 Kf7 54. Kf2 Rg3 55. Ra6 Rb3
56. Rc6 Rb2+ 57. Kf3 Rd2 58. Rb6 Ke7 59. Ra6 Rd6 60. Ra8 Ke6 61. Ra2 Rb6 62. Ke3
Rb5 63. Ra3 Kd6 64. Rc3 Rb6 65. Ra3 Rb2 66. Kf3 Rd2 67. Rc3 Ke6 68. Rb3 Rc2 69. Ra3
Rc1 70. Rd3 Re1 71. Rb3 Kf7 72. Rb2 Ke6 73. Rb3 Kd6 74. Rb5 Rf1+ 75. Ke2 Rf4 76.
Ke3 Ke6 77. Rc5 Kf7 78. Ra5 Kg6 79. Rb5 Rf1 80. Ke2 Ra1 81. Kf3 Ra3+ 82. Kf2 Rg3
83. Ra5 Kf7 84. Ra6 Ke7 85. Rb6 Ra3 86. Rc6 Rd3 87. Ke2 Rb3 88. Kf2 Rb2+ 89. Kf3
Rd2 90. Ra6 Rd6 91. Ra7+ Ke6 92. Ra3 Rc6 93. Rb3 Rc4 94. Rd3 Rc1 95. Ra3 Re1 96.
Rc3 Kf7 97. Rc6 Kg6 98. Rb6 g4+ 99. hxg4 Rf1+ 100. Ke2 Rf4 101. Ke3 Rxg4 102. e5
Rxg2 103. Rxf6+ Kg7 104. Kf3 Rg1 105. Rf4 Rf1+ 106. Kg4 Rh1 107. e6 h3 108. e7 Re1
109. Kxh3 Rxe7 110. Kg3 Re3+ 111. Rf3 Re4 112. Rf4 Re3+ 113. Rf3 Re4 114. Rf4 Re3+
115. Rf3 Re4 116. Rf4 Re3+ 117. Rf3 Re4 118. Rf4 Re3+  1/2-1/2

[Event "36th Reykjavik op"]
[Site "Reykjavik ISL"]
[Date "2023.03.29"]
[Round "1.96"]
[White "Hommer, Jeremy"]
[Black "Pozimski, Szymon"]
[WhiteElo "2251"]
[BlackElo "1972"]
[Result "1-0"]
[EventDate "2023.03.29"]
[PlyCount "63"]

1. e4 d5 2. exd5 Qxd5 3. Nc3 Qa5 4. d4 Nf6 5. Bd2 c6 6. Nf3 Bg4 7. h3 Bxf3 8. Qxf3
Nbd7 9. g4 h6 10. Bg2 e6 11. O-O-O Nd5 12. Kb1 Nxc3+ 13. Bxc3 Bb4 14. d5 Bxc3 15.
dxc6 Nc5 16. cxb7 Rb8 17. Qxc3 Qxc3 18. bxc3 Nxb7 19. Bc6+ Kf8 20. Kc1 Nc5 21. Rhe1
Ke7 22. Rd5 Rhc8 23. Rxc5 Rb6 24. Ra5 Rbxc6 25. Rxa7+ Kf6 26. Ra3 Rc4 27. Re3 Rf4
28. f3 Kg5 29. Rb3 Ra4 30. Rb7 Rf4 31. Rb4 Rxc3 32. Rb5+  1-0

[Event "36th Reykjavik op"]
[Site "Reykjavik ISL"]
[Date "2023.03.29"]
[Round "1.97"]
[White "Schrodt, Sebastian"]
[Black "Melaa, Sondre"]
[WhiteElo "1972"]
[BlackElo "2243"]
[Result "0-1"]
[EventDate "2023.03.29"]
[PlyCount "136"]

1. Nf3 Nf6 2. c4 g6 3. b4 Bg7 4. Bb2 O-O 5. g3 b6 6. Bg2 Bb7 7. O-O d6 8. d3 Nbd7
9. Nc3 a5 10. a3 e6 11. Qc2 Qe7 12. Rfc1 c6 13. Nd4 d5 14. c5 axb4 15. axb4 Rxa1
16. Bxa1 bxc5 17. bxc5 Qxc5 18. Nxd5 Nxd5 19. Qxc5 Nxc5 20. Rxc5 Ra8 21. Rc1 Rxa1
22. Rxa1 Bxd4 23. Rb1 Ba6 24. Bxd5 exd5 25. e3 Be5 26. Rb6 Bxd3 27. Rxc6 Be4 28.
Kf1 Kg7 29. Rc5 Bf3 30. Ke1 g5 31. Kd2 Kg6 32. Rb5 f6 33. Rb4 Bd6 34. Ra4 Kf5 35.
Kd3 h5 36. Kd2 Be5 37. Rb4 h4 38. Ra4 Bd6 39. Ke1 h3 40. Rd4 Ke6 41. Ra4 Kd7 42.
Ra7+ Kc6 43. Rh7 g4 44. Rf7 Bb4+ 45. Kf1 Bc3 46. Rf8 Kc5 47. Rc8+ Kb4 48. Rc7 Kb3
49. Rc8 Kc2 50. Rc7 Kd3 51. Ra7 Be2+ 52. Kg1 Ke4 53. Ra4+ Bc4 54. Ra3 Bb2 55. Ra7
Kf3 56. Rb7 Bc3 57. Rb6 f5 58. Rb1 d4 59. exd4 Bxd4 60. Rb4 Bxf2+ 61. Kh1 Bd5 62.
Rd4 Bxg3 63. hxg3 Be4 64. Kh2 f4 65. gxf4 Bf5 66. Rb4 g3+ 67. Kh1 Kf2 68. Rb2+ Kf1
 0-1

[Event "36th Reykjavik op"]
[Site "Reykjavik ISL"]
[Date "2023.03.29"]
[Round "1.98"]
[White "Gudnyjarson, Sigurdur Pall"]
[Black "Grigoriev, Dmitriy"]
[WhiteElo "1664"]
[BlackElo "1969"]
[Result "0-1"]
[EventDate "2023.03.29"]
[PlyCount "78"]

1. d4 Nf6 2. c4 e5 3. dxe5 Ng4 4. Bf4 Nc6 5. Nf3 Bb4+ 6. Nc3 Qe7 7. Qb3 a5 8. e3
a4 9. Qc2 a3 10. Be2 Ngxe5 11. Nxe5 Nxe5 12. O-O Bxc3 13. Qxc3 axb2 14. Qxb2 f6 15.
Rfd1 b6 16. a4 Ra5 17. Rd5 Rc5 18. Qd4 Nc6 19. Qc3 Na5 20. Rad1 O-O 21. Qb4 d6 22.
Rxc5 dxc5 23. Qd2 Be6 24. Qc2 Rc8 25. Qe4 Qf7 26. Bxc7 Bxc4 27. Bg4 Qxc7 28. Be6+
Bxe6 29. Qxe6+ Kh8 30. Rd7 Qe5 31. Qg4 f5 32. Qd1 h6 33. Rd5 Qe4 34. h3 c4 35. Rd4
Qe8 36. Qc2 c3 37. Rd5 Qe4 38. Rd3 Qxd3 39. Qxd3 c2  0-1

[Event "36th Reykjavik op"]
[Site "Reykjavik ISL"]
[Date "2023.03.29"]
[Round "1.99"]
[White "Knudsen, Martin"]
[Black "Carr, Jay"]
[WhiteElo "1969"]
[BlackElo "1663"]
[Result "1/2-1/2"]
[EventDate "2023.03.29"]
[PlyCount "86"]

1. d4 Nf6 2. c4 b6 3. Nf3 e6 4. e3 Bb7 5. Bd3 Be7 6. Nc3 d5 7. O-O dxc4 8. Bxc4 a6
9. a3 O-O 10. b4 c5 11. bxc5 Qc7 12. Bb2 Nbd7 13. Rc1 bxc5 14. dxc5 Qxc5 15. Be2
Qf5 16. Nd4 Qg6 17. Bf3 Bxf3 18. Qxf3 Ne5 19. Qe2 Rfc8 20. Na2 Nd3 21. Rc6 Rcb8 22.
Bc3 Nd5 23. a4 Ba3 24. e4 N5f4 25. Qf3 Qg5 26. Ne2 Ne5 27. Bxe5 Nxe2+ 28. Qxe2 Qxe5
29. Qd3 Qb2 30. Qc4 h6 31. h3 a5 32. Rd1 Rd8 33. Nc3 Rd2 34. Rxd2 Qxd2 35. Qe2 Qc1+
36. Qd1 Qg5 37. Nb5 Rd8 38. Qb1 Bb4 39. Rc2 Rd2 40. Qc1 Qf4 41. Rxd2 Bxd2 42. Qc8+
Kh7 43. Qc2 Bb4  1/2-1/2

[Event "36th Reykjavik op"]
[Site "Reykjavik ISL"]
[Date "2023.03.29"]
[Round "1.100"]
[White "Ingvarsson, Unnar"]
[Black "Andriessen, Bart Jan"]
[WhiteElo "1661"]
[BlackElo "1966"]
[Result "0-1"]
[EventDate "2023.03.29"]
[PlyCount "102"]

1. e4 c5 2. Nf3 d6 3. d4 cxd4 4. Nxd4 Nf6 5. Nc3 a6 6. Be3 e5 7. Nb3 Be7 8. Be2 Be6
9. Nd5 Nxe4 10. Bb6 Qc8 11. Nc7+ Kf8 12. Nxa8 Nd7 13. Bc7 Qxa8 14. Bf3 Qc8 15. Bxe4
Qxc7 16. O-O Nf6 17. Bd3 Nd5 18. g3 Bg5 19. Nd2 Ke7 20. Ne4 Bh6 21. c4 Nb4 22. b3
Nc6 23. Nc3 Nd4 24. Be4 Qa5 25. Qd3 Qxc3 26. Qxc3 Ne2+ 27. Kg2 Nxc3 28. Bxb7 a5 29.
f3 Rb8 30. Be4 Ne2 31. Rab1 f5 32. Bd3 Nd4 33. Rfd1 Be3 34. a3 Rxb3 35. Rxb3 Nxb3
36. g4 g6 37. gxf5 gxf5 38. Kf1 Kd7 39. Ke2 Bf4 40. Rg1 Kc6 41. h4 Kc5 42. Rg7 Nc1+
43. Kd1 Nxd3 44. Rxh7 Kd4 45. h5 Bxc4 46. Ra7 Ke3 47. Kc2 Kxf3 48. Rxa5 Kg4 49. Ra8
Kxh5 50. a4 e4 51. a5 e3  0-1